|
|
|
|
| LEADER |
00000nam0a2200000 4500 |
| 001 |
136657 |
| 005 |
20231101220631.0 |
| 010 |
|
|
|a 9785829109554
|
| 010 |
|
|
|a 978-5-902766-47-6
|
| 035 |
|
|
|a (RuTPU)RU\TPU\book\148107
|
| 090 |
|
|
|a 136657
|
| 100 |
|
|
|a 20070213d2008 m y0rusy50 ca
|
| 101 |
0 |
|
|a rus
|
| 102 |
|
|
|a RU
|
| 105 |
|
|
|a a j 001zy
|
| 200 |
1 |
|
|a Экологический мониторинг
|e учебно-методическое пособие
|f под ред. Т. Я. Ашихминой
|
| 210 |
|
|
|a Москва
|c Академический проект
|c Альма Матер
|d 2008
|
| 215 |
|
|
|a 416 с.
|c ил.
|
| 225 |
1 |
|
|a Gaudeamus
|
| 320 |
|
|
|a Словарь терминов: с. 407-414.
|
| 330 |
|
|
|a В книге впервые изложены основные принципы организации исследовательской работы студентов и школьников по изучению природных сред и объектов, предлагается программа экспериментальной деятельности в форме экопаспорта территории микрорайона школы, приведены апробированные методики. В первой и второй главах помещены методические основы организации школьного экомониторинга. Основной материал книги ориентирован на студентов педагогических вузов, учащихся и учителей. Он включает методики, необходимые для реализации программы школьного экомониторинга и проведения других видов исследовательской работы в школе и вузе.
|
| 451 |
|
1 |
|0 (RuTPU)RU\TPU\book\118521
|y 5-8291-0708-2
|t Экологический мониторинг
|o учебно-методическое пособие
|f под ред. Т. Я. Ашихминой
|c Москва
|n Академический проект
|d 2006
|p 416 с.
|s Gaudeamus
|
| 606 |
|
|
|a Экологический мониторинг
|2 stltpush
|3 (RuTPU)RU\TPU\subj\39015
|9 59256
|
| 610 |
1 |
|
|a экология
|
| 610 |
1 |
|
|a экологическое образование
|
| 610 |
1 |
|
|a школьники
|
| 610 |
1 |
|
|a экомониторинг
|
| 610 |
1 |
|
|a биологические объекты
|
| 610 |
1 |
|
|a биоты
|
| 610 |
1 |
|
|a воздушная среда
|
| 610 |
1 |
|
|a почва
|
| 610 |
1 |
|
|a водные объекты
|
| 610 |
1 |
|
|a окружающая среда
|
| 610 |
1 |
|
|a здоровье
|
| 610 |
1 |
|
|a результаты
|
| 610 |
1 |
|
|a обработка
|
| 610 |
1 |
|
|a экологический паспорт
|
| 610 |
1 |
|
|a учебные пособия
|
| 610 |
1 |
|
|a методические пособия
|
| 610 |
1 |
|
|a природная среда
|
| 675 |
|
|
|a 504.064(07)
|v 3
|
| 702 |
|
1 |
|a Ашихмина
|b Т. Я.
|g Тамара Яковлевна
|4 340
|
| 801 |
|
1 |
|a RU
|b 63413507
|c 20080424
|g PSBO
|
| 801 |
|
2 |
|a RU
|b 63413507
|c 20180305
|g PSBO
|
| 900 |
|
|
|a Методы и приборы контроля окружающей среды и экологический мониторинг
|
| 900 |
|
|
|a Процессы и аппараты защиты атмосферы и гидросферы
|
| 900 |
|
|
|a Процессы и аппараты защиты окружающей среды
|
| 942 |
|
|
|c BK
|
| 959 |
|
|
|a 46/20080422
|d 1
|e 214,94
|f ЧЗТЛ:1
|
| 959 |
|
|
|a 143/20121101
|d 10
|e 165,00
|f УФ:10
|